000 00570nam a2200217Ia 4500
003 OSt
005 20220926042646.0
006 a|||||r|||| 00| 0
007 ta
008 220923b |||||||| |||| 00| 0 eng d
037 _cGeneral Book
040 _aRTL
_cRTL
_beng
041 _2eng
_aeng
082 _aX93.2,hN48, K2
100 _aPrasad P.
_9346596
245 0 _aDamodar Valley Corporation
_b A brief
260 _c1962
650 _aPublic Sector Economics
942 _hX93.2,hN48, K2
_cGB
_2CC
999 _c670316
_d670316